Statistiques concernant Paroles : Toulouse - Claude Nougaro

Cliquez ici pour prendre le quiz!

Statistiques générales

  • Ce quiz a été pris 201 fois
  • Le résultat moyen est 155 sur 231

Statistiques - réponses

Paroles% Correct
Toulouse
99%
Toulouse,
99%
Ô
96%
ô
96%
à
95%
A
95%
a
95%
ça
94%
ça,
94%
la
94%
94%
le
93%
Mon
92%
mon
92%
de
91%
me
90%
les
88%
Les
88%
est
87%
pays,
86%
ma
85%
qui
85%
Rose
85%
se
84%
ce
83%
tu
83%
Et
82%
et
82%
Ville
82%
ville
82%
des
81%
Je
80%
te
80%
castagne
79%
aiment
78%
Il
78%
même
78%
paîs,
78%
qu'il
78%
Qu'il
78%
du
77%
pour
77%
si
77%
Si
77%
Ici,
76%
sa
76%
loin
75%
mémés
75%
au
74%
rouge
74%
un
74%
Un
74%
Midi
73%
canal
72%
en
72%
brique
70%
dans
70%
L'eau
70%
Ton
70%
ton
70%
gagnes
69%
Minimes
69%
moi
69%
peu
69%
C'est
68%
que
67%
tes
67%
verte
67%
cartable
66%
cognes,
66%
coups
66%
mes
66%
poings
66%
qu'on
66%
Capitole,
65%
Ta
65%
dit
64%
pas
64%
sur
64%
fond
63%
noir
63%
ranime
63%
bourré
62%
Une
62%
une
62%
cette
60%
toi
60%
y
60%
accent
59%
l'école
59%
On
59%
vers
59%
cité
58%
Parfois
58%
peut-être
58%
Ou
57%
soleil
56%
Blagnac,
54%
torrent
54%
avions
53%
cailloux
53%
malgré
53%
temps
53%
L'église
52%
blues
51%
chanteur
51%
roule
51%
Saint-Sernin
51%
soir
51%
con
50%
corne
50%
encore
50%
gasconne
50%
jazz?
50%
l'air
50%
l'avenue
50%
plus
50%
traite
49%
l'Espagne
48%
papa
48%
revois
48%
seul
48%
illumine
47%
pousse
47%
ramène
47%
reprends
47%
arrête
46%
haut
46%
sont
46%
violettes
46%
voix
46%
arrose
45%
C'était
45%
peine
45%
bulle
44%
Est-ce
43%
j'y
43%
l'orage
43%
corail
42%
fleur
42%
gaz
42%
jusque
42%
pincée
42%
pourtant
42%
sous
42%
tuiles
42%
Voici
42%
beaux
41%
J'entends
41%
pavé,
41%
l'un
40%
revoir
40%
tuyaux
40%
éventré
38%
leurs
38%
Pourrais-je
38%
trottoir
38%
violence
38%
l'écho
37%
serait-ce
37%
ténors
37%
ventouses
36%
bouillonne
35%
buildings
34%
Aujourd'hui,
32%
tripes
32%
enrhumés
31%
grimpent
30%
tremblaient
22%
ôhooo
9%

Distribution des résultats

Percentile par nombre de réponses

% des personnes avec chaque résultat

Votre développement - résultats

Vous n’avez pas pris ce quiz